| 000 | 00590nam a22001937a 4500 | ||
|---|---|---|---|
| 003 | OSt | ||
| 005 | 20260629151029.0 | ||
| 008 | 260629b |||||||| |||| 00| 0 eng d | ||
| 040 | _cChuka University Library | ||
| 050 | _aLB 1573.7 .H37 2005 | ||
| 100 |
_aHervey Stephanie _931629 |
||
| 245 | _aDetermine Importance | ||
| 260 |
_aHeinemann _bFirsthand _c2005 |
||
| 300 | _aVarious Pagings | ||
| 650 | _aReading Comprehension ---Study and Teaching (Elementary) | ||
| 650 | _aThought and Thinking---Study and Teaching (Elementary) | ||
| 700 |
_aAnne Goudvis _931630 |
||
| 942 |
_2lcc _cBK _n0 |
||
| 999 |
_c25422 _d25422 |
||